Highest Mountains in Austria - Statistics

General Stats
  • This quiz has been taken 62 times
  • The average score is 7 of 20
Answer Stats
Height State(s) Mountain % Correct
3.798 Carinthia / Tyrol Großglockner
100%
3.666 Salzburg / Tyrol Großvenediger
81%
3.770 Tyrol Wildspitze
67%
3.739 Tyrol Weißkugel
42%
3.507 Tyrol Zuckerhütl
33%
3.628 Tyrol Hinterer Brochkogel
31%
3.565 Tyrol Vorderer Brochkogel
31%
3.564 Salzburg Großes Wiesbachhorn
28%
3.628 Tyrol Hintere Schwärze
28%
3.510 Tyrol Hochfeiler
28%
3.514 Tyrol Fineilspitze
25%
3.599 Tyrol Similaun
25%
3.550 Tyrol Großer Ramolkogel
22%
3.533 Tyrol Watzespitze
22%
3.518 Tyrol Weißseespitze
22%
3.535 Tyrol Hochvernagtspitze
19%
3.540 Tyrol Schalfkogel
19%
3.529 Tyrol Langtauferer Spitze
17%
3.559 Tyrol Rainerhorn
17%
3.528 Tyrol Mutmalspitze
14%
No matching quizzes found
Score Distribution
Percent of People with Each Score
Percentile by Number Answered
Your Score History
You have not taken this quiz